| 000 -LEADER |
| fixed length control field |
00437pab a2200157 454500 |
| 008 - FIXED-LENGTH DATA ELEMENTS--GENERAL INFORMATION |
| fixed length control field |
180718b2005 xxu||||| |||| 00| 0 eng d |
| 100 ## - MAIN ENTRY--PERSONAL NAME |
| Personal name |
Tamhankar, Aparna |
| 245 ## - TITLE STATEMENT |
| Title |
Personality predisposition and prognosis of alcholics after therapeutic intervention |
| 260 ## - PUBLICATION, DISTRIBUTION, ETC. |
| Date of publication, distribution, etc. |
2005 |
| 300 ## - PHYSICAL DESCRIPTION |
| Extent |
p.277-80. |
| 650 ## - SUBJECT ADDED ENTRY--TOPICAL TERM |
| Topical term or geographic name entry element |
Alcoholism |
| 700 ## - ADDED ENTRY--PERSONAL NAME |
| Personal name |
Pereira, Joe |
| 700 ## - ADDED ENTRY--PERSONAL NAME |
| Personal name |
Barnes, Blanche |
| 773 ## - HOST ITEM ENTRY |
| Main entry heading |
Psychological studies |
| 909 ## - |
| -- |
67821 |